LEADER 00900nam a2200253 i 4500 001 991001824809707536 005 20020503154003.0 008 010315s1943 it ||| | ita 035 $ab10278138-39ule_inst 035 $aEXGIL92099$9ExL 040 $aBiblioteca Interfacoltà$bita 082 0 $a235.4 100 1 $aErhard, Johann Benjamin $0142337 245 10$aApologia del diavolo /$ctraduzione dal tedesco con una nota critica di benedetto Croce 260 $aBari :$blaterza,$c1943 300 $a85 p. ;$c18 cm. 650 4$aDemonio 700 1 $aCroce, Benedetto$d<1866-1952> 907 $a.b10278138$b05-10-16$c27-06-02 912 $a991001824809707536 945 $aLE002 Busta D 31 10$g1$i2002000792365$lle002$o-$pE0.00$q-$rl$s- $t0$u0$v0$w0$x0$y.i10330355$z27-06-02 996 $aApologie des Teufels$931472 997 $aUNISALENTO 998 $ale002$b01-01-01$cm$da $e-$fita$git $h0$i1 LEADER 01440nam 2200409 a 450 001 9910700182503321 005 20110919153457.0 035 $a(CKB)5470000002407138 035 $a(OCoLC)753575910 035 $a(EXLCZ)995470000002407138 100 $a20110919d2011 ua 0 101 0 $aeng 135 $aurbn||||||||| 181 $ctxt$2rdacontent 182 $cc$2rdamedia 183 $acr$2rdacarrier 200 00$aConservation Reserve Enhancement Program$b[electronic resource] $eSkaneateles Lake, New York 210 1$a[Washington, D.C.] :$cU.S. Dept. of Agriculture, Farm Service Agency,$d[2011] 215 $a1 online resource (2 pages) 225 1 $aFact sheet 300 $aTitle from title screen (viewed on Sept. 19, 2011). 300 $a"February 2011." 517 $aConservation Reserve Enhancement Program 606 $aWellhead protection$zNew York (State)$zSkaneateles Lake 606 $aConservation of natural resources$zNew York (State)$zSkaneateles Lake 606 $aEnvironmental protection$zNew York (State)$zSkaneateles Lake 615 0$aWellhead protection 615 0$aConservation of natural resources 615 0$aEnvironmental protection 712 02$aUnited States.$bFarm Service Agency. 801 0$bGPO 801 1$bGPO 801 2$bGPO 906 $aBOOK 912 $a9910700182503321 996 $aConservation Reserve Enhancement Program$93481002 997 $aUNINA